Spracovanie biomedicínskych signálov v programovom prostredí MATHCAD

Enregistré dans:
Détails bibliographiques
Auteur principal: Helexa, Vladimír (Auteur)
Autres auteurs: Krajčušková, Zuzana, 1952- (Directeur de thèse)
Format: Manuscrit Livre
Langue:slovaque
Publié: Bratislava : STU v Bratislave FEI, 2000
Sujets:
Tags: Ajouter un tag
Pas de tags, Soyez le premier à ajouter un tag!

MARC

LEADER 00000ntm a22000003a 4500
001 stu56367
005 20160719164834.0
008 010201s2000------------------------slo-d
040 |a STU  |b slo 
041 0 |a slo 
100 1 |a Helexa, Vladimír  |4 aut 
245 1 |a Spracovanie biomedicínskych signálov v programovom prostredí MATHCAD 
260 |a Bratislava :  |b STU v Bratislave FEI,  |c 2000 
300 |a 46 s 
650 7 |a elektronika  |2 stusub 
700 1 |a Krajčušková, Zuzana,  |d 1952-  |4 ths  |u E030  |U FEI Fakulta elektrotechniky a informatiky  |T FEI Ústav elektroniky a fotoniky  |X 1993  |U E030  |Y 549  |7 A000001993